चुनी हुई कहानियां (Record no. 161030)
[ view plain ]
| 000 -LEADER | |
|---|---|
| fixed length control field | 01041nam a22002177a 4500 |
| 005 - DATE AND TIME OF LATEST TRANSACTION | |
| control field | 20190219131214.0 |
| 010 ## - LCCN (DPL NO) | |
| LC control number | B-036795 |
| 035 ## - SYSTEM CONTROL NUMBER | |
| System control number | B-036795 |
| 037 ## - SOURCE OF ACQUISITION | |
| Source of stock number/acquisition | BPPD/PUB |
| 082 ## - DEWEY DECIMAL CLASSIFICATION NUMBER | |
| Classification number | क |
| 100 ## - MAIN ENTRY--PERSONAL NAME | |
| Personal name | गोक्री, मक्सिम |
| 245 ## - TITLE STATEMENT | |
| Title | चुनी हुई कहानियां |
| Statement of responsibility, etc | मक्सिम गोक्री |
| 260 ## - PUBLICATION, DISTRIBUTION, ETC. (IMPRINT) | |
| Place of publication, distribution, etc | दिल्ली |
| Name of publisher, distributor, etc | प्रयंक प्रकाशन गृह |
| Date of publication, distribution, etc | 2001 |
| 270 ## - ADDRESS | |
| Address | एम-72, पंचशील गार्डेन, नवीन शाहदरा |
| City | दिल्ली |
| Postal code | 110032 |
| 300 ## - PHYSICAL DESCRIPTION | |
| Extent | 192पृ. |
| Dimensions | 22 सेमी (सजिल्द) |
| 650 ## - SUBJECT ADDED ENTRY--TOPICAL TERM | |
| Topical term or geographic name as entry element | हिन्दी कहानियाँ |
| 650 ## - SUBJECT ADDED ENTRY--TOPICAL TERM | |
| Topical term or geographic name as entry element | Hindi Stories |
| 700 ## - ADDED ENTRY--PERSONAL NAME | |
| Personal name | खरे, ममता |
| 9 (RLIN) | 34318 |
| 942 ## - ADDED ENTRY ELEMENTS (KOHA) | |
| Institution code [OBSOLETE] | dpl |
| Item type | Hindi Books |
| Call number prefix | क / ठाकुर |
| Source of classification or shelving scheme | Dewey Decimal Classification |
| Classification part | क |
| Call number suffix | ठाकुर |
| Withdrawn status | Lost status | Not for loan | Collection code | Home library | Current library | Date acquired | Source of acquisition | Cost, normal purchase price | Full call number | Barcode | Cost, replacement price | Koha item type |
|---|---|---|---|---|---|---|---|---|---|---|---|---|
| Fiction | Shahdara Branch | Shahdara Branch | 19/02/2019 | BPPD/PUB | 230.00 | क ठाकुर | B-036795 | 230.00 | Hindi Books |
